El nuevo régimen concursal (Registro nro. 3388)
[ vista simple ]
| 000 -LEADER | |
|---|---|
| fixed length control field | 01117 a2200229 4500 |
| 001 - CONTROL NUMBER | |
| control field | 41135 |
| 005 - DATE AND TIME OF LATEST TRANSACTION | |
| control field | 20260407155705.0 |
| 008 - FIXED-LENGTH DATA ELEMENTS--GENERAL INFORMATION | |
| fixed length control field | 260407a2003 arg spa d |
| 003 - CONTROL NUMBER IDENTIFIER | |
| control field | AR-UNSa-BCEJYS |
| 040 ## - CATALOGING SOURCE | |
| Original cataloging agency | AR-UNSa-BCEJYS |
| Language of cataloging | spa |
| Transcribing agency | AR-UNSa-BCEJYS |
| 080 ## - UNIVERSAL DECIMAL CLASSIFICATION NUMBER | |
| Universal Decimal Classification number | 347.736 |
| Common auxiliary subdivision | Quiebra. Insolvencia. Suspensión de pagos. Bancarrota, procedimientos. Derecho Concursal |
| 020 ## - INTERNATIONAL STANDARD BOOK NUMBER | |
| International Standard Book Number | 950-894-394-7 |
| 041 ## - LANGUAGE CODE | |
| Language code of text/sound track or separate title | spa |
| 100 1# - MAIN ENTRY--PERSONAL NAME | |
| Personal name | Vítolo, Daniel Roque |
| 245 10 - TITLE STATEMENT | |
| Title | El nuevo régimen concursal |
| Name of part/section of a work | Leyes 25.561, 25.563 y 25.589. Aplicación del CER y del CVS |
| 264 #1 - PRODUCTION, PUBLICATION, DISTRIBUTION, MANUFACTURE, AND COPYRIGHT NOTICE | |
| Place of production, publication, distribution, manufacture | Buenos Aires : |
| Name of producer, publisher, distributor, manufacturer | AD-HOC |
| Date of production, publication, distribution, manufacture, or copyright notice | 2003 |
| 300 ## - PHYSICAL DESCRIPTION | |
| Extent | 256 p. |
| Dimensions | 23 cm. |
| 505 ## - FORMATTED CONTENTS NOTE | |
| Formatted contents note | 1. La Ley 24.522 y sus primeras reformas - 2. La emergencia económica y la primera reforma sustancial al nuevo régimen concursal argentino - 3. La reforma de la reforma (¿La contrarreforma?) - 4. Análisis pormenorizado de las principales reformas introducidas a la Ley 24.522 por la Ley 25.589 |
| 590 ## - LOCAL NOTE (RLIN) | |
| Local note | niveau_biblio:m niveau_hierar:0 |
| 856 41 - ELECTRONIC LOCATION AND ACCESS | |
| Uniform Resource Identifier | <a href="https://biblioeco.unsa.edu.ar/pmb/images/libros/el_nuevo_reg_Vitolo.jpg">https://biblioeco.unsa.edu.ar/pmb/images/libros/el_nuevo_reg_Vitolo.jpg</a> |
| Link text | Imagen de portada |
| Electronic format type | image/jpeg |
| 942 ## - ADDED ENTRY ELEMENTS (KOHA) | |
| Koha item type | |
| Withdrawn status | Lost status | Damaged status | Not for loan | Home library | Current library | Shelving location | Date acquired | Total checkouts | Full call number | Barcode | Date last seen | Price effective from | Koha item type |
|---|---|---|---|---|---|---|---|---|---|---|---|---|---|
| Biblioteca Prof. Eusebio Cleto del Rey | Biblioteca Prof. Eusebio Cleto del Rey | 07/04/2026 | 347.736 V845n | L126393 | 07/04/2026 | 07/04/2026 | Libro | ||||||
| Biblioteca Prof. Eusebio Cleto del Rey | Biblioteca Prof. Eusebio Cleto del Rey | 07/04/2026 | 347.736 V845n | L126402 | 07/04/2026 | 07/04/2026 | Libro |